00475nam a2200181Ia 450000500170000000800410001702000180005804100120007608200160008810000140010424500420011826000440016030000190020465000130022365000210023665000160025770000200027320260429111912.0260429s9999||||xx |||||||||||||| ||und|| a9789360844035 aEnglish a631.37bSEE aSeena, V. 0aFarm power and machinery / cV. Seena aNew Delhi : bWordpen Academics,c2026. axi, 287 p.; hb a Farming a Power machinery aAgriculture a Vijayan, Anuja